000 00286nam a2200121Ia 4500
008 190216s9999||||xx |||||||||||||| ||und||
100 _aChellappan K P
245 0 _aCreative Communication
260 _bUniversity Of Calicut
_c1996
300 _a72p
650 _aEnglish
942 _cBK
999 _c13887
_d13887